000 00694nam a2200229Ia 4500
003 GCL
008 140319s9999 xx 000 0 ara d
040 _aGCL /
_cGCL
082 0 4 _a515
_bع ر
100 1 _aعبدالعزيز فهمى هيكل
245 1 0 _aالرياضيات والادارة الاقتصادية /
_cعبدالعزيز فهمى هيكل
300 _a540 ص
490 _a
650 0 4 _aالجبر
650 0 4 _aالتفاضل والتكامل
650 0 4 _aالرياضيات
650 0 4 _aالاقتصاد الرياضى
650 0 4 _aاللوغاريتمات
650 0 4 _aالاحتمالات
650 0 4 _aالبرمجة (رياضيات)
942 _2ddc
_cBK
999 _c39058
_d39058